| 000 | 00419nam a22001577a 4500 | ||
|---|---|---|---|
| 003 | SGT | ||
| 020 | _a9789351404187 | ||
| 082 | _a428 | ||
| 100 | _aGUPTA RAJHANS | ||
| 245 | _aPROFESSIONAL COMMUNICATION | ||
| 260 |
_aNEW DELHI _bPRAGATI PRAKASHAN _c2015 |
||
| 300 | _a373 | ||
| 650 | _aENGLISH | ||
| 653 | _aTECHNICAL COMMUNICATION,FORMS OF TECHNICAL COMMUNICATION, TECHNICAL PROPOSAL WRITING | ||
| 942 |
_2ddc _cBK _01 |
||
| 999 |
_c9741 _d9741 |
||